[Event "Summer Server Series, S02072"]
[Site "CCLA"]
[Date "2020.08.28"]
[Round "?"]
[White "Wright, Jason"]
[Black "Nurmi, Ronald"]
[Result "1-0"]
[WhiteElo "1606"]
[BlackElo "1487"]

1. e4 c6 2. Nc3 d5 3. Nf3 Bg4 4. h3 Bxf3 5. Qxf3 e6 6. Be2 Nd7 7. d4 dxe4 
8. Nxe4 Ngf6 9. O-O Nxe4 10. Qxe4 Nf6 11. Qd3 Bd6 12. c4 O-O 13. Bf3 Re8 
14. Re1 Rc8 15. Bg5 Be7 16. Rad1 Qc7 17. Qd2 Rcd8 18. Bf4 Qd7 19. a3 b6 
20. Be5 a6 21. b4 Rc8 22. g4 Red8 23. g5 Ne8 24. h4 f6 25. Bg3 fxg5 26. 
hxg5 g6 27. Bg4 Ng7 28. Be5 Nf5 29. c5 bxc5 30. bxc5 Nxd4 31. Qxd4 1-0

[Event "Summer Server Series, S02072"]
[Site "CCLA"]
[Date "2020.08.28"]
[Round "?"]
[White "Wright, Jason"]
[Black "Sanchez, David A."]
[Result "1-0"]
[WhiteElo "1606"]
[BlackElo "1414"]

1. e4 e5 2. Nf3 Nc6 3. Nc3 Nf6 4. d4 exd4 5. Nxd4 Bb4 6. Nxc6 bxc6 7. Bd3 
d5 8. exd5 cxd5 9. O-O O-O 10. Bg5 c6 11. Re1 d4 12. Ne4 Be7 13. Qf3 1-0

[Event "Summer Server Series, S02072"]
[Site "CCLA"]
[Date "2020.08.28"]
[Round "?"]
[White "Wright, Jason"]
[Black "Ishler, Mark P."]
[Result "1-0"]
[WhiteElo "1606"]
[BlackElo "1542"]

1. e4 c5 2. Nf3 d6 3. Bb5+ Bd7 4. Bxd7+ Qxd7 5. c4 Nc6 6. Nc3 g6 7. d4 
cxd4 8. Nxd4 Bg7 9. Be3 Nf6 10. h3 O-O 11. O-O Rac8 12. b3 Rfd8 13. Qd2 a6
14. Rad1 Qc7 15. Rfe1 Nxd4 16. Bxd4 e5 17. Be3 b5 18. Bg5 Rd7 19. Bxf6 
Bxf6 20. Nd5 Qd8 21. cxb5 axb5 22. Qb4 Rc5 23. Nxf6+ Qxf6 24. Qxc5 dxc5 
25. Rxd7 Qc6 26. Rd5 c4 27. bxc4 bxc4 28. Rc1 f6 29. Rd3 Qa4 30. Rdc3 Qxa2
31. Rxc4 Qa5 32. Rc7 Qd2 33. Ra1 Qd8 34. Raa7 f5 35. Rg7+ Kf8 36. Raf7+ 
Ke8 37. Rg8+ 1-0

[Event "Summer Server Series, S02072"]
[Site "CCLA"]
[Date "2020.08.28"]
[Round "?"]
[White "Sanchez, David A."]
[Black "Nurmi, Ronald"]
[Result "0-1"]
[WhiteElo "1414"]
[BlackElo "1487"]

1. d4 d5 2. c4 c6 3. Nf3 dxc4 4. e3 b5 5. a4 e6 6. Bd2 Bd6 7. axb5 cxb5 8.
 b3 Bd7 9. bxc4 bxc4 10. Bxc4 Nf6 11. Nc3 a6 12. e4 Ng8 13. e5 Bb4 14. d5 
Qb6 15. O-O Ne7 16. dxe6 fxe6 17. Qb3 a5 18. Rfb1 Nbc6 19. Be3 Qc7 20. 
Bxe6 Bxe6 21. Qxe6 Bxc3 0-1

[Event "Summer Server Series, S02072"]
[Site "CCLA"]
[Date "2020.08.28"]
[Round "?"]
[White "Sanchez, David A."]
[Black "Wright, Jason"]
[Result "0-1"]
[WhiteElo "1414"]
[BlackElo "1606"]

1. d4 f5 2. e4 fxe4 3. Nc3 Nf6 4. Bg5 Nc6 5. d5 Ne5 6. Qd4 Nf7 7. Bxf6 
exf6 8. Nxe4 Be7 9. O-O-O O-O 10. f4 f5 11. Ng3 Bf6 12. Qd3 g6 13. Nf3 Qe7
14. h4 Qb4 15. Qb3 Qxf4+ 0-1

[Event "Summer Server Series, S02072"]
[Site "CCLA"]
[Date "2020.08.28"]
[Round "?"]
[White "Sanchez, David A."]
[Black "Ishler, Mark P."]
[Result "0-1"]
[WhiteElo "1414"]
[BlackElo "1542"]

1. d4 Nf6 2. c4 e6 3. Nc3 Bb4 4. Qc2 O-O 5. a3 Bxc3+ 6. Qxc3 b6 7. Nf3 Bb7
8. g3 d6 9. Bg2 Nbd7 10. O-O c5 11. Bf4 cxd4 12. Nxd4 e5 13. Bxb7 exf4 14.
 Bxa8 Qxa8 15. Qf3 fxg3 16. Qxa8 gxh2+ 17. Kxh2 Rxa8 18. Rg1 Re8 19. f3 a6
20. Rae1 g6 21. e4 Ne5 22. b3 h5 23. Rd1 Kh7 24. Kg3 Nfd7 0-1

[Event "Summer Server Series, S02072"]
[Site "CCLA"]
[Date "2020.08.28"]
[Round "?"]
[White "Ishler, Mark P."]
[Black "Nurmi, Ronald"]
[Result "1-0"]
[WhiteElo "1542"]
[BlackElo "1487"]

1. e4 c6 2. d4 d5 3. Nc3 dxe4 4. Nxe4 Bf5 5. Ng3 Bg6 6. h4 h6 7. Nf3 Nd7 
8. Bc4 e6 9. h5 Bh7 10. Qe2 Ngf6 11. Ne5 Nxe5 12. dxe5 Nd5 13. O-O Qc7 14.
 c3 Be7 15. Bxd5 cxd5 16. Be3 O-O 17. Bd4 a6 18. Qg4 f5 19. exf6 Bxf6 20. 
Qxe6+ Qf7 21. Qxf7+ Rxf7 22. Bxf6 Rxf6 23. Rad1 Rd8 24. Rd4 Kf8 25. Rfd1 
Bg8 26. c4 Rfd6 27. Ne4 Rc6 28. Nc3 Rcd6 29. Nxd5 b5 30. b3 R6d7 31. R1d3 
Rd6 32. Rf3+ Bf7 33. Rdf4 R8d7 34. Ne3 Kg8 35. Rf5 Rd2 36. a4 bxc4 37. 
bxc4 Ra2 38. Ra5 1-0

[Event "Summer Server Series, S02072"]
[Site "CCLA"]
[Date "2020.08.28"]
[Round "?"]
[White "Ishler, Mark P."]
[Black "Wright, Jason"]
[Result "0-1"]
[WhiteElo "1542"]
[BlackElo "1606"]

1. e4 c6 2. d4 d5 3. Nc3 dxe4 4. Nxe4 Nd7 5. Bc4 e6 6. Ng5 Ngf6 7. Qe2 Nd5
8. N1f3 Be7 9. O-O h6 10. Ne4 O-O 11. Bb3 b5 12. a4 a6 13. axb5 cxb5 14. 
Re1 Bb7 15. Ne5 Nxe5 16. dxe5 Qc7 17. Bxd5 Bxd5 18. Nf6+ Bxf6 19. exf6 Qc4
20. fxg7 Rfc8 21. Qh5 Qxc2 22. Qxh6 Qh7 23. Qxh7+ Kxh7 24. Bd2 Kxg7 25. 
Bc3+ f6 26. Re3 a5 27. Re2 Rc4 28. Rc1 b4 29. Bd2 Rxc1+ 30. Bxc1 a4 31. 
Rc2 a3 32. bxa3 bxa3 33. Bxa3 Rxa3 34. h3 Kg6 35. f4 Kf5 36. Rf2 Ra2 37. 
g4+ Ke4 38. Rxa2 Bxa2 39. g5 fxg5 40. fxg5 e5 41. Kf2 Bf7 42. Kg3 Ke3 43. 
Kg4 e4 44. h4 Kf2 45. h5 e3 46. g6 Bxg6 47. hxg6 e2 48. g7 e1=Q 49. Kf5 
Qe8 0-1

[Event "Summer Server Series, S02072"]
[Site "CCLA"]
[Date "2020.08.28"]
[Round "?"]
[White "Ishler, Mark P."]
[Black "Sanchez, David A."]
[Result "1-0"]
[WhiteElo "1542"]
[BlackElo "1414"]

1. e4 e5 2. Nf3 Nc6 3. Bb5 f5 4. Nc3 fxe4 5. Nxe4 Nf6 6. Nxf6+ Qxf6 7. Qe2
Be7 8. Bxc6 bxc6 9. Qxe5 Qxe5+ 10. Nxe5 c5 11. O-O 1-0

[Event "Summer Server Series, S02073"]
[Site "CCLA"]
[Date "2020.08.28"]
[Round "?"]
[White "Hodgkins, Neil C."]
[Black "Cangelosi, Dominic"]
[Result "1-0"]
[WhiteElo "1408"]
[BlackElo "1377"]

1. d4 d5 2. c4 Bf5 3. Nc3 e6 4. Nf3 h6 5. a3 Bd6 6. e3 c6 7. Be2 Nd7 8. 
O-O Bh7 9. cxd5 cxd5 10. Bd3 f5 11. Re1 Qc7 12. Nb5 Qb8 13. g3 Ngf6 14. b4
O-O 15. Bb2 Ne4 16. Bxe4 fxe4 17. Nd2 Bf5 18. Nxd6 Qxd6 19. f3 Bh3 20. f4 
g5 21. fxg5 Rf5 22. Qh5 Nf6 23. Qg6+ 1-0

[Event "Summer Server Series, S02073"]
[Site "CCLA"]
[Date "2020.08.28"]
[Round "?"]
[White "Hodgkins, Neil C."]
[Black "Taylor, Ronald D."]
[Result "1-0"]
[WhiteElo "1408"]
[BlackElo "1357"]

1. d4 Nf6 2. c4 g6 3. Nf3 Bg7 4. Nc3 d5 5. e3 O-O 6. Bd3 c5 7. O-O cxd4 8.
 exd4 Nc6 9. Nxd5 Nxd5 10. cxd5 Nxd4 11. Nxd4 Qxd5 12. Nb5 Qc6 13. Qb3 Be6
14. Qc2 Bd5 15. f3 Qxc2 16. Bxc2 Rac8 17. Rf2 Bd4 18. Nxd4 a6 19. b3 1-0

[Event "Summer Server Series, S02073"]
[Site "CCLA"]
[Date "2020.08.28"]
[Round "?"]
[White "Hodgkins, Neil C."]
[Black "Harris, Jarrod"]
[Result "1-0"]
[WhiteElo "1408"]
[BlackElo "1427"]

1. d4 d6 2. c4 Nf6 3. Nf3 g6 4. Nc3 Bg7 5. Bg5 O-O 6. e3 Nbd7 7. Be2 c6 8.
 O-O Qc7 9. Re1 e5 10. dxe5 dxe5 11. e4 Nc5 12. Qc2 Bg4 13. h3 Be6 14. 
Rad1 a6 15. b4 Ncd7 16. a3 Rad8 17. c5 Nb8 18. Be3 Rxd1 19. Rxd1 Rd8 20. 
Nd2 a5 21. Na4 axb4 22. axb4 Na6 23. Rb1 Nb8 24. b5 cxb5 25. Bxb5 Bd7 26. 
Bxd7 Nbxd7 27. Qc4 Bf8 28. g3 Qc8 29. Nb6 Nxb6 30. Rxb6 Qxh3 31. Rxf6 1-0

[Event "Summer Server Series, S02073"]
[Site "CCLA"]
[Date "2020.08.28"]
[Round "?"]
[White "Cangelosi, Dominic"]
[Black "Hodgkins, Neil C."]
[Result "1-0"]
[WhiteElo "1377"]
[BlackElo "1408"]

1. d4 Nf6 2. c4 d5 3. Nc3 e6 4. Nf3 Bb4 5. Qa4+ Nc6 6. Bd2 Bd7 7. Ne5 Nxe5
8. Qxb4 b6 9. dxe5 a5 10. Qb3 Ng8 11. O-O-O dxc4 12. Qxc4 Ne7 13. Bg5 O-O 
14. e3 Re8 15. Qb3 Qc8 16. Kb1 h6 17. Bxh6 gxh6 18. Ne4 Nd5 19. Bc4 Kf8 
20. Rd4 Rb8 21. Rc1 Rd8 22. Bxd5 exd5 23. Nd6 Qa6 24. Nxf7 Kxf7 25. Qxd5+ 
Ke7 26. Rxc7 Qf1+ 27. Rd1 Qxd1+ 28. Qxd1 Ke8 29. Qh5+ Ke7 30. Qxh6 Rf8 31.
 Qd6+ 1-0

[Event "Summer Server Series, S02073"]
[Site "CCLA"]
[Date "2020.08.28"]
[Round "?"]
[White "Cangelosi, Dominic"]
[Black "Taylor, Ronald D."]
[Result "1-0"]
[WhiteElo "1377"]
[BlackElo "1357"]

1. d4 Nf6 2. c4 g6 3. Nc3 d5 4. cxd5 Nxd5 5. e4 Nxc3 6. bxc3 Bg7 7. Bc4 
O-O 8. Nf3 Bg4 9. Qb3 Qc8 10. Bxf7+ Kh8 11. Ng5 Nc6 12. e5 Nd8 13. Ba3 Qd7
14. f3 Bf5 15. g4 Bd3 16. e6 Qc6 17. Bxe7 Bc4 18. Qb4 Nxf7 19. exf7 Bxf7 
20. Bxf8 Bxf8 21. Nxf7+ Kg8 22. Qb3 1-0

[Event "Summer Server Series, S02073"]
[Site "CCLA"]
[Date "2020.08.28"]
[Round "?"]
[White "Cangelosi, Dominic"]
[Black "Harris, Jarrod"]
[Result "1/2-1/2"]
[WhiteElo "1377"]
[BlackElo "1427"]

1. d4 d6 2. c4 Nf6 3. Nc3 g6 4. e4 Bg7 5. f4 O-O 6. Nf3 c5 7. d5 Qa5 8. 
Bd2 Qb6 9. b3 Bg4 10. Be2 Re8 11. e5 dxe5 12. fxe5 Nfd7 13. O-O Bxf3 14. 
Rxf3 Nxe5 15. Rh3 Qf6 16. Ne4 Qf5 17. Qc2 Qd7 18. Rf1 e6 19. Bh6 exd5 20. 
Nxc5 Qc8 21. Ne4 1/2-1/2

[Event "Summer Server Series, S02073"]
[Site "CCLA"]
[Date "2020.08.28"]
[Round "?"]
[White "Taylor, Ronald D."]
[Black "Hodgkins, Neil C."]
[Result "1-0"]
[WhiteElo "1357"]
[BlackElo "1408"]

1. e4 e5 2. Nf3 Nc6 3. Bc4 Bc5 4. c3 Nf6 5. d4 exd4 6. cxd4 Bb4+ 7. Nc3 
Bxc3+ 8. bxc3 d5 9. exd5 Nxd5 10. Ba3 Nxc3 11. Qb3 Be6 12. Qxc3 Qd7 13. d5
Bxd5 14. O-O-O O-O-O 15. Bxd5 Rhe8 16. Bxc6 Qxc6 17. Qxc6 bxc6 18. Rxd8+ 
Rxd8 19. Rd1 Re8 20. Re1 Rd8 21. Re7 Rd3 22. Bb2 Rd5 23. Rxf7 Ra5 24. Kb1 
g5 25. Rxh7 Kb7 26. Rh5 Rf5 27. Rxg5 Rf4 28. h4 Rb4 29. h5 Re4 30. h6 Re7 
31. Rg7 1-0

[Event "Summer Server Series, S02073"]
[Site "CCLA"]
[Date "2020.08.28"]
[Round "?"]
[White "Taylor, Ronald D."]
[Black "Cangelosi, Dominic"]
[Result "1/2-1/2"]
[WhiteElo "1357"]
[BlackElo "1377"]

1. e4 d5 2. exd5 Qxd5 3. Nc3 Qa5 4. d4 e5 5. Qe2 Bb4 6. Qxe5+ Qxe5+ 7. 
dxe5 Bxc3+ 8. bxc3 Be6 9. Ba3 Nc6 10. Bb5 Ne7 11. O-O-O Bxa2 12. Bxc6+ 
bxc6 13. Nf3 Bd5 14. Rhg1 Rd8 15. Rge1 Rd7 16. Nd4 Bxg2 17. Bxe7 Kxe7 18. 
Nf5+ Kd8 19. Rxd7+ Kxd7 20. Nxg7 Bh3 21. Nh5 Ke7 22. Kb2 Be6 23. f4 Rb8+ 
24. Ka3 Rh8 1/2-1/2

[Event "Summer Server Series, S02073"]
[Site "CCLA"]
[Date "2020.08.28"]
[Round "?"]
[White "Taylor, Ronald D."]
[Black "Harris, Jarrod"]
[Result "0-1"]
[WhiteElo "1357"]
[BlackElo "1427"]

1. e4 d6 2. d4 Nf6 3. Nc3 g6 4. f4 Bg7 5. Nf3 O-O 6. Bc4 c6 7. h3 Qc7 8. 
Be3 Nbd7 9. Qd2 Re8 10. O-O-O e5 11. dxe5 dxe5 12. f5 Nb6 13. Bh6 Nxc4 14.
 Qg5 Qb6 15. b3 Qa5 16. bxc4 Qxc3 17. Nd2 Qa1+ 18. Nb1 Nxe4 19. Qh4 Nc3 
20. Bxg7 Bxf5 21. Kd2 Rad8+ 0-1

[Event "Summer Server Series, S02073"]
[Site "CCLA"]
[Date "2020.08.28"]
[Round "?"]
[White "Harris, Jarrod"]
[Black "Hodgkins, Neil C."]
[Result "1-0"]
[WhiteElo "1427"]
[BlackElo "1408"]

1. Nf3 d5 2. d4 Nf6 3. e3 e6 4. Bd3 Nc6 5. O-O Be7 6. c3 O-O 7. Qc2 g6 8. 
Nbd2 Re8 9. Re1 a6 10. e4 Nxe4 11. Nxe4 dxe4 12. Rxe4 Bf6 13. Re2 b5 14. 
Be4 Bb7 15. Ne5 Nxd4 16. cxd4 Bxe4 17. Qxe4 Qd6 18. Bh6 Bg7 19. Bxg7 Kxg7 
20. Qf3 f6 21. Ng4 f5 22. Ne3 Qxd4 23. Rd1 Qb6 24. Rd7+ Kg8 25. Qh3 h5 26.
 Qg3 e5 27. Nxf5 Kf8 28. Nh6 Re7 29. Qf3+ Ke8 30. Rxe7+ Kxe7 31. Qxa8 Qd6 
32. Qe4 1-0

[Event "Summer Server Series, S02073"]
[Site "CCLA"]
[Date "2020.08.28"]
[Round "?"]
[White "Harris, Jarrod"]
[Black "Cangelosi, Dominic"]
[Result "1/2-1/2"]
[WhiteElo "1427"]
[BlackElo "1377"]

1. d4 d5 2. Nf3 e6 3. e3 f5 4. Bd3 Nf6 5. O-O Bd6 6. Nbd2 O-O 7. c3 Nbd7 
8. Qc2 Ne4 9. c4 c6 10. c5 Bc7 11. a4 Ndf6 12. b4 Ng4 13. h3 Nh6 14. Ne5 
Nf7 15. Nxf7 Rxf7 16. Nxe4 fxe4 17. Be2 e5 18. dxe5 Bxe5 19. Bb2 Bxb2 20. 
Qxb2 Bxh3 21. gxh3 Qg5+ 22. Kh2 Raf8 23. Rg1 Rxf2+ 24. Kh1 Qh6 25. Rxg7+ 
Qxg7 26. Rg1 Qxg1+ 27. Kxg1 R8f7 1/2-1/2

[Event "Summer Server Series, S02073"]
[Site "CCLA"]
[Date "2020.08.28"]
[Round "?"]
[White "Harris, Jarrod"]
[Black "Taylor, Ronald D."]
[Result "1/2-1/2"]
[WhiteElo "1427"]
[BlackElo "1357"]

1. d4 Nf6 2. Nf3 c5 3. e3 b6 4. Bd3 Bb7 5. Nbd2 g6 6. O-O Bg7 7. c3 d5 8. 
Qc2 c4 9. Be2 Nbd7 10. b3 b5 11. Re1 O-O 12. a4 a6 13. bxc4 bxc4 14. Bf1 
Qc7 15. Ba3 Rfe8 16. Ra2 a5 17. Rb1 e5 18. dxe5 Nxe5 19. Rab2 Nxf3+ 20. 
Nxf3 Bc6 21. Nd4 Ng4 22. g3 Ne5 23. Bg2 Nd3 24. Rb6 Bxd4 25. exd4 Reb8 
26. Rxb8+ Rxb8 27. Rxb8+ Qxb8 28. Bf1 Qc8 29. Bxd3 cxd3 30. Qxd3 1/2-1/2

[Event "USA/S02074"]
[Site "CCLA"]
[Date "2020.08.28"]
[Round "?"]
[White "Ritzmann, Andrew M."]
[Black "Berger, Byron"]
[Result "0-1"]
[WhiteElo "1248"]
[BlackElo "1296"]

1. d4 d5 2. c4 e6 3. Nc3 c5 4. cxd5 exd5 5. Nf3 Nc6 6. e3 Nf6 7. Bb5 cxd4 
8. exd4 Bd6 9. Bg5 Be6 10. O-O O-O 11. Qb3 Be7 12. Rfe1 Bg4 13. h3 Bxf3 
14. gxf3 Nxd4 15. Qd1 Nxb5 16. Nxb5 Qd7 17. a4 a6 18. Nd4 Bd6 19. Qc2 Qxh3
0-1

[Event "USA/S02074"]
[Site "CCLA"]
[Date "2020.08.28"]
[Round "?"]
[White "Ritzmann, Andrew M."]
[Black "Algeri, Brian"]
[Result "1-0"]
[WhiteElo "1248"]
[BlackElo "1259"]

1. d4 g6 2. c4 Bg7 3. Nf3 d6 4. Nc3 Nf6 5. Bg5 Bg4 6. e4 e6 7. d5 e5 8. 
Be2 O-O 9. Qb3 b6 10. O-O a6 11. h3 Bxf3 12. Bxf3 Qd7 13. g4 c6 14. Qxb6 
cxd5 15. exd5 Re8 16. b3 a5 17. Nb5 e4 18. Be2 Na6 19. Nxd6 Reb8 20. Qc6 
Qxc6 21. dxc6 Nxg4 22. Rad1 Ne5 23. Nxe4 Nxc6 24. Bf3 Ne5 25. Nf6+ Bxf6 
26. Bxa8 Bxg5 27. Bd5 Nb4 28. Be4 Nxa2 29. f4 Nc3 30. Rde1 Bh4 31. Re3 
Rxb3 32. Bc2 Nxc4 33. Re8+ Kg7 34. Bxb3 Nd2 35. Rc1 Ne2+ 36. Rxe2 1-0

[Event "USA/S02074"]
[Site "CCLA"]
[Date "2020.08.28"]
[Round "?"]
[White "Ritzmann, Andrew M."]
[Black "Jimenez, Jose"]
[Result "1-0"]
[WhiteElo "1248"]
[BlackElo "1181"]

1. d4 d5 2. c4 e6 3. Nc3 Nf6 4. Nf3 Nc6 5. cxd5 exd5 6. Bg5 h6 7. Bh4 g5 
8. Bg3 g4 9. Ne5 Ne4 10. Nxe4 dxe4 11. Qa4 Qd5 12. e3 Bb4+ 13. Kd1 a5 14. 
Rc1 O-O 15. Nxc6 Bd7 16. Qxb4 Bxc6 17. Qe7 Rac8 18. Rc5 Qxa2 19. Be5 Ba4+ 
20. Rc2 Qa1+ 21. Kd2 Qb1 22. Be2 Qxh1 23. Qf6 Kh7 24. Qg7# 1-0

[Event "USA/S02074"]
[Site "CCLA"]
[Date "2020.08.28"]
[Round "?"]
[White "Berger, Byron"]
[Black "Ritzmann, Andrew M."]
[Result "1-0"]
[WhiteElo "1296"]
[BlackElo "1248"]

1. e4 c6 2. d4 d5 3. e5 Bf5 4. h4 h5 5. c4 e6 6. Nc3 Na6 7. Bg5 Be7 8. Qd2
c5 9. cxd5 exd5 10. dxc5 Nxc5 11. Nxd5 Ne4 12. Bxe7 Nxe7 13. Bb5+ Bd7 14. 
Qd3 Nc5 15. Bxd7+ Nxd7 16. Nf3 Qa5+ 17. Nc3 Nxe5 18. Qb5+ Qxb5 19. Nxb5 
O-O 20. Nxe5 Rfd8 21. Nf3 a6 22. Nc3 Rac8 23. O-O Nf5 24. Rad1 Rxd1 25. 
Rxd1 f6 26. Kf1 b5 27. Nd4 Nxh4 28. g3 Ng6 29. Ndxb5 axb5 30. Nxb5 Re8 31.
 a4 Ne5 32. Re1 g5 33. f4 gxf4 34. gxf4 h4 35. fxe5 fxe5 36. a5 e4 37. Nc3
e3 38. Ke2 Kg7 39. Nd5 h3 40. Nxe3 Kg6 41. b4 h2 42. Rh1 Rh8 43. Ng4 Re8+ 
44. Kd2 Re4 45. Kc3 Rxg4 46. Rxh2 Rg3+ 47. Kc4 Rg4+ 48. Kb3 Kf6 49. Re2 
Rg3+ 50. Ka4 Kf5 51. a6 Rg6 52. b5 Rg4+ 53. Ka5 Rg8 54. a7 Kf4 55. b6 Kf3 
56. Re7 1-0

[Event "USA/S02074"]
[Site "CCLA"]
[Date "2020.08.28"]
[Round "?"]
[White "Berger, Byron"]
[Black "Algeri, Brian"]
[Result "0-1"]
[WhiteElo "1296"]
[BlackElo "1259"]

1. e4 c6 2. d4 d5 3. e5 Bf5 4. Nf3 e6 5. Be2 Ne7 6. O-O Nd7 7. Nbd2 f6 8. 
Nh4 fxe5 9. Nxf5 Nxf5 10. Bh5+ g6 11. Nb3 Qf6 12. dxe5 Nxe5 13. Be2 Bd6 
14. f4 Nd7 15. g4 Nh4 16. Nd4 Bc5 17. Be3 O-O-O 18. g5 Qe7 19. Qe1 Nf5 20.
 Nxf5 exf5 21. Rf3 Bxe3+ 0-1

[Event "USA/S02074"]
[Site "CCLA"]
[Date "2020.08.28"]
[Round "?"]
[White "Berger, Byron"]
[Black "Jimenez, Jose"]
[Result "1-0"]
[WhiteElo "1296"]
[BlackElo "1181"]

1. e4 e5 2. Bc4 g6 3. Nf3 Bd6 4. c3 Nf6 5. d3 O-O 6. O-O b6 7. Re1 c6 8. 
d4 exd4 9. cxd4 c5 10. e5 Be7 11. exf6 Bxf6 12. dxc5 Nc6 13. cxb6 Qxb6 14.
 Qc2 d6 15. Nc3 Bf5 16. Qb3 Nb4 17. Be3 Bc2 18. Bxb6 Bxb3 19. Bxb3 axb6 
20. Re2 Nd3 21. Rd1 Nf4 22. Red2 Be7 23. Nd5 Bd8 24. Nxf4 Bc7 25. Nd5 Bd8 
26. Rc1 Ra7 27. g3 f5 28. Nxb6+ Kh8 29. Rxd6 Rc7 30. Rxc7 Bxc7 31. Rc6 Bb8
32. Rc8 Bd6 33. Rxf8+ 1-0

[Event "USA/S02074"]
[Site "CCLA"]
[Date "2020.08.28"]
[Round "?"]
[White "Algeri, Brian"]
[Black "Ritzmann, Andrew M."]
[Result "1-0"]
[WhiteElo "1259"]
[BlackElo "1248"]

1. d4 d5 2. Nf3 Nf6 3. g3 g6 4. Bg2 Bg7 5. Bf4 O-O 6. O-O Bf5 7. Nbd2 Nc6 
8. c4 Ng4 9. h3 Nf6 10. cxd5 Nxd5 11. e4 Nxf4 12. exf5 Nd5 13. fxg6 hxg6 
14. Ne4 f5 15. Neg5 e5 16. Ne6 Qe7 17. Nfg5 Rfe8 18. Bxd5 exd4 19. Nxc7+ 
Kh8 20. Nxe8 Qxe8 21. Re1 Ne7 22. Qe2 Bf8 23. Qe6 Qb5 24. Qf7 Bg7 25. Rxe7
Rg8 26. Qxg8# 1-0

[Event "USA/S02074"]
[Site "CCLA"]
[Date "2020.08.28"]
[Round "?"]
[White "Algeri, Brian"]
[Black "Jimenez, Jose"]
[Result "1-0"]
[WhiteElo "1259"]
[BlackElo "1181"]

1. d4 d5 2. Nf3 Nf6 3. g3 c6 4. Bg2 e6 5. Nbd2 Bd6 6. O-O O-O 7. c4 Nbd7 
8. c5 Bc7 9. Re1 b6 10. b4 b5 11. e4 a5 12. e5 Ne4 13. Nxe4 dxe4 14. Rxe4 
axb4 15. Bh6 gxh6 16. Rh4 Kg7 17. Qd2 h5 18. Rxh5 Ba5 19. Qh6+ 1-0

[Event "USA/S02074"]
[Site "CCLA"]
[Date "2020.08.28"]
[Round "?"]
[White "Jimenez, Jose"]
[Black "Ritzmann, Andrew M."]
[Result "1-0"]
[WhiteElo "1181"]
[BlackElo "1248"]

1. e4 c6 2. Nf3 d5 3. e5 Bf5 4. Nc3 e6 5. d4 Be7 6. a3 c5 7. Bb5+ Nc6 8. 
O-O a6 9. Bxc6+ bxc6 10. dxc5 Bxc5 11. Na4 Ba7 12. Bf4 Ne7 13. Nh4 O-O 14.
 Qe2 Qa5 15. Nc3 Rfb8 16. Ra2 Ng6 17. b4 Qb6 18. Nxg6 Bxg6 19. Na4 Qd4 20.
 g3 Be4 21. Rd1 Qxf2+ 22. Qxf2 Bxf2+ 23. Kxf2 h6 24. Nc5 g5 25. Be3 Rd8 
26. h4 gxh4 27. g4 Kh7 28. g5 Rg8 29. gxh6 Rg2+ 30. Kf1 Bxc2 31. Rc1 Rag8 
32. Raxc2 h3 33. Bf4 Rg1+ 34. Ke2 R1g2+ 35. Kd3 Rxc2 36. Rxc2 Rg2 37. Nxa6
Rg4 38. Rf2 h2 39. Bxh2 Rh4 40. Bf4 Rh3+ 41. Be3 Kg6 42. Nc7 Rh1 43. Ne8 
Rd1+ 44. Bd2 Rh1 45. Rf6+ Kh7 46. Rxf7+ Kg6 47. Rf6+ Kh7 48. Rxe6 Rh3+ 49.
 Be3 Kg8 50. Rxc6 1-0

[Event "USA/S02074"]
[Site "CCLA"]
[Date "2020.08.28"]
[Round "?"]
[White "Jimenez, Jose"]
[Black "Berger, Byron"]
[Result "0-1"]
[WhiteElo "1181"]
[BlackElo "1296"]

1. e4 e5 2. Nf3 Nf6 3. d3 Nc6 4. Nc3 d5 5. Nxd5 Nxd5 6. exd5 Qxd5 7. c4 
Qd8 8. Be2 Bf5 9. O-O Bc5 10. a3 O-O 11. b4 Bd4 12. Rb1 Ne7 13. b5 Qd7 14.
 Qd2 Rfc8 15. Nh4 Be6 16. Bf3 Rab8 17. a4 a6 18. Ba3 axb5 19. axb5 c6 20. 
bxc6 Nxc6 21. Be4 f5 22. Bxf5 Bxf5 23. Qg5 Bxd3 24. Rbd1 Bxf1 25. Kxf1 Qf7
26. Rd2 e4 27. Qd5 e3 28. Re2 Qxd5 29. cxd5 Nd8 30. fxe3 Bb6 31. e4 Ra8 
32. Bb2 Ra2 33. Nf5 Rc7 34. g3 Rf7 35. Kg2 Rf8 36. h4 Rxf5 37. exf5 Bd4 
38. Kh3 Rxb2 39. Re8+ Kf7 40. Rxd8 b5 41. h5 b4 42. Rd7+ Kf6 43. g4 b3 44.
 Rd6+ Kg5 45. Re6 Rf2 46. d6 Bf6 47. Kg3 Rf1 48. d7 Bd8 49. Re8 b2 50. 
Rxd8 b1=Q 51. Re8 Qd3+ 52. Re3 Qxe3+ 53. Kg2 Rf2+ 0-1

[Event "USA/S02074"]
[Site "CCLA"]
[Date "2020.08.28"]
[Round "?"]
[White "Jimenez, Jose"]
[Black "Algeri, Brian"]
[Result "0-1"]
[WhiteElo "1181"]
[BlackElo "1259"]

1. e4 c6 2. c3 d5 3. e5 Bf5 4. Nf3 e6 5. d3 Nd7 6. d4 Ne7 7. Qb3 b6 8. 
Nbd2 Ng6 9. h3 Be7 10. g4 Be4 11. Bg2 Nf4 12. O-O O-O 13. Re1 Bxf3 14. 
Bxf3 Nxh3+ 15. Kg2 Nf4+ 16. Kg3 Bg5 17. c4 f6 18. Qb4 fxe5 19. Qd6 Bh4+ 
20. Kh2 Bxf2 21. Rf1 Qh4# 0-1

[Event "2020 Gustafson Memorial, S02075"]
[Site "CCLA"]
[Date "2020.10.24"]
[Round "?"]
[White "Reinhart, Kenneth M."]
[Black "Edwards, K. E. D. G."]
[Result "1/2-1/2"]
[WhiteElo "2405"]
[BlackElo "2340"]

1. e4 e5 2. Nf3 Nf6 3. Nc3 Bb4 4. Nxe5 O-O 5. Be2 Re8 6. Nd3 Bxc3 7. dxc3 
Nxe4 8. O-O d6 9. Nf4 Nd7 10. c4 b6 11. f3 Nef6 12. Rf2 Bb7 13. b3 Nf8 14.
 Bb2 Ng6 15. Qd2 Nxf4 16. Qxf4 Nd7 17. Re1 Re7 18. Rff1 f6 19. Bd3 Ne5 20.
 Bf5 Qf8 21. Qh4 Ng6 22. Qg3 Rae8 23. Bc3 Ne5 24. Qh4 g6 25. Bh3 f5 26. f4
Nd7 27. g4 Rxe1 28. Rxe1 Rxe1+ 29. Qxe1 Be4 30. Qh4 fxg4 31. Bxg4 Bf5 32. 
Bf3 h6 33. Kf2 Bxc2 34. Ke3 Bf5 35. Bd5+ Kh7 36. b4 Bb1 37. a3 Bf5 38. Kd2
a6 39. a4 a5 1/2-1/2

[Event "2020 Gustafson Memorial, S02075"]
[Site "CCLA"]
[Date "2020.10.24"]
[Round "?"]
[White "Reinhart, Kenneth M."]
[Black "Deskin, Gary"]
[Result "1/2-1/2"]
[WhiteElo "2405"]
[BlackElo "2306"]

1. e4 e5 2. Nf3 Nf6 3. Nc3 Nc6 4. Bb5 Bc5 5. O-O O-O 6. Nxe5 Nxe5 7. d4 
Bd6 8. f4 Neg4 9. e5 Bb4 10. f5 Re8 11. exf6 Nxf6 12. Bg5 c6 13. Bd3 d5 
14. Qf3 Bd7 15. Rae1 Rxe1 16. Rxe1 h6 17. Bh4 b5 18. a3 Be7 19. Nd1 Qf8 
20. Nf2 Re8 21. Re3 c5 22. dxc5 Bxc5 23. Rxe8 Qxe8 24. Kf1 Bxf2 25. Qxf2 
Ng4 26. Qf4 Ne5 27. Be2 f6 28. Qd4 Bxf5 29. Qxd5+ Kh7 30. Qxb5 Qc8 31. Qa4
Bxc2 32. Qxa7 Bd3 33. Qe3 Bxe2+ 34. Qxe2 Qf5+ 35. Bf2 Ng4 36. h3 Nxf2 37. 
Qxf2 Qb1+ 38. Qe1 Qxb2 39. a4 f5 40. a5 Qb5+ 41. Kg1 Qc5+ 42. Kh1 Qb5 43. 
Qa1 f4 44. a6 f3 45. gxf3 Qe2 1/2-1/2

[Event "2020 Gustafson Memorial, S02075"]
[Site "CCLA"]
[Date "2020.10.24"]
[Round "?"]
[White "Edwards, K. E. D. G."]
[Black "Reinhart, Kenneth M."]
[Result "1/2-1/2"]
[WhiteElo "2340"]
[BlackElo "2405"]

1. d4 Nf6 2. c4 e6 3. Nc3 Bb4 4. f3 c5 5. d5 b5 6. e4 d6 7. dxe6 Bxe6 8. 
Bf4 O-O 9. Qxd6 Qa5 10. Ne2 Bxc4 11. a3 Na6 12. Bg5 Bxe2 13. Bxf6 gxf6 14.
 Bxe2 Bxc3+ 15. bxc3 Qxc3+ 16. Kf2 Rad8 17. Qxa6 Qd4+ 18. Kg3 Rd6 19. Qxb5
f5 20. Rad1 f4+ 21. Kxf4 Rf6+ 22. Kg4 Rg6+ 23. Kh3 Rh6+ 24. Kg3 Rg6+ 25. 
Kf4 Rf6+ 26. Kg3 Rg6+ 1/2-1/2